000 00616nam a2200193 a 4500
005 20160217114115.0
008 160217t xxu||||gr|||| 00| 0 spa d
020 _a190479828
040 _aCO-BoIAVH
_cCO-BoIAVH
041 _aeng
082 0 4 _a333.95316
_bR45r
110 2 _bPlanta Europa
245 1 _aReview of the european plant conservation strategy
_bprogress and challenges 2007
260 _as.l.
_bPlantlife International
_c2007
300 _a49 paginas.
_c29 x 21 cm
650 6 _aPlanta
_vConservación
650 6 _aConservación de la diversidad biológica
942 _cLIBRO
_2ddc
999 _c5709
_d5709